000 00307nam a2200133Ia 4500
008 191201s2019 xx 000 0 und d
082 _a615.19 GUD
100 _aGUPTA,M.K
245 0 _aDrug Inspector
260 _bBirla Pub
_aNew Delhi
_c2019
300 _a512
650 _aPharmaceutics
942 _2ddc
_cBK
999 _c8261
_d8261